|
|
|
|
| LEADER |
00952nam a2200265 a 4500 |
| 001 |
28826 |
| 003 |
BD-DhAAL |
| 005 |
20150110103734.0 |
| 008 |
150110s1992 mnu 000 1 eng |
| 010 |
|
|
|a 92017857
|
| 020 |
|
|
|a 1566890004
|
| 040 |
|
|
|a DLC
|c DLC
|d DLC
|d OCoLC
|d BD-DhAAL
|
| 043 |
|
|
|a s-bl---
|
| 050 |
0 |
0 |
|a PS3575.A44
|b B7 1992
|
| 082 |
0 |
0 |
|a 813/.54
|2 20
|
| 100 |
1 |
|
|a Yamashita, Karen Tei,
|d 1951-
|9 7258
|
| 245 |
1 |
0 |
|a Brazil-Maru :
|b a novel /
|c by Karen Tei Yamashita.
|
| 260 |
|
|
|a Minneapolis :
|b Coffee House Press,
|c 1992.
|
| 300 |
|
|
|a 248 p. ;
|c 23 cm.
|
| 541 |
|
|
|e 28826
|
| 650 |
|
0 |
|a Japanese
|z Brazil
|x Fiction.
|9 7259
|
| 655 |
|
7 |
|a Historical fiction.
|2 gsafd
|9 5668
|
| 942 |
|
|
|2 ddc
|c BK
|
| 999 |
|
|
|c 33433
|d 33433
|
| 952 |
|
|
|0 0
|1 0
|2 ddc
|4 0
|6 813_540000000000000_YAM
|7 0
|9 44685
|a BRACUL
|b BRACUL
|c GEN
|d 2015-01-10
|e BRAC Institute of Language (BIL)
|l 0
|o 813.54 YAM
|p 3010028826
|r 2015-01-10
|t 1
|w 2015-01-10
|y BK
|x Transferred from BIL to BRACUL on 06/06/22
|